<?xml version="1.0" encoding="UTF-8"?>
<collection xmlns="http://www.loc.gov/MARC21/slim">
 <record>
  <leader>01408nam a2200229Ia 4500</leader>
  <controlfield tag="001">TDMU_19406</controlfield>
  <controlfield tag="008">210410s9999    xx            000 0 und d</controlfield>
  <datafield tag="082" ind1=" " ind2=" ">
   <subfield code="a">907.1</subfield>
  </datafield>
  <datafield tag="090" ind1=" " ind2=" ">
   <subfield code="b">NG527</subfield>
  </datafield>
  <datafield tag="100" ind1=" " ind2=" ">
   <subfield code="a">Nguyễn, Cảnh Minh</subfield>
  </datafield>
  <datafield tag="245" ind1=" " ind2="0">
   <subfield code="a">Giáo trình phương pháp nghiên cứu và biên soạn lịch sử địa phương</subfield>
  </datafield>
  <datafield tag="245" ind1=" " ind2="0">
   <subfield code="b">Dùng cho các trường đại học sư phạm</subfield>
  </datafield>
  <datafield tag="245" ind1=" " ind2="0">
   <subfield code="c">Nguyễn Cảnh Minh (ch.b.), Đỗ Hồng Thái, Hoàng Thanh Hải</subfield>
  </datafield>
  <datafield tag="260" ind1=" " ind2=" ">
   <subfield code="a">H.</subfield>
  </datafield>
  <datafield tag="260" ind1=" " ind2=" ">
   <subfield code="b">ĐH Sư phạm</subfield>
  </datafield>
  <datafield tag="260" ind1=" " ind2=" ">
   <subfield code="c">2008</subfield>
  </datafield>
  <datafield tag="300" ind1=" " ind2=" ">
   <subfield code="a">167tr.</subfield>
  </datafield>
  <datafield tag="520" ind1=" " ind2=" ">
   <subfield code="a">Gồm các nội dung: khái luận về lịch sử địa phương; phương pháp nghiên cứu và biên soạn lịch sử địa phương; biên soạn và giảng dạy lịch sử địa phương ở trường trung học phổ thông; hướng dẫn thực hành nghiên cứu, biên soạn lịch sử địa phương.; TM tài liệu tham khảo tr.167</subfield>
  </datafield>
  <datafield tag="650" ind1=" " ind2=" ">
   <subfield code="a">Lịch sử địa phương</subfield>
   <subfield code="x">Phương pháp nghiên cứu</subfield>
   <subfield code="v">Giáo trình; Biên soạn tài liệu</subfield>
   <subfield code="x">Lịch sử địa phương</subfield>
   <subfield code="x">Phương pháp</subfield>
   <subfield code="v">Giáo trình</subfield>
  </datafield>
  <datafield tag="700" ind1=" " ind2=" ">
   <subfield code="a">Đỗ, Hồng Thái</subfield>
  </datafield>
  <datafield tag="856" ind1=" " ind2=" ">
   <subfield code="u">http://lrc.tdmu.edu.vn/opac/search/detail.asp?aID=2&amp;ID=19406</subfield>
  </datafield>
  <datafield tag="980" ind1=" " ind2=" ">
   <subfield code="a">Trung tâm Học liệu Trường Đại học Thủ Dầu Một</subfield>
  </datafield>
 </record>
</collection>
